000 01681nam a2200193 4500
008 170419b xxu||||| |||| 00| 0 eng d
020 _a0-13-228511-8
082 _21996
_aDC 658.3
_bR53
100 _919886
_aRobbins, Stephen P.
_d1943-
245 _aOrganizational behavior :
_bconcepts, controversies, applications /
_cStephen P. Robbins.
250 _aSeventh Edition.
260 _aEnglewood Cliffs, NJ :
_bPrentice Hall,
_c1996.
300 _axx, 752, [57] pages :
_bcolor illustrations ;
_c26 cm.
500 _aIncludes bibliographical references and indexes.
505 _aContents Ch. 1 What Is Organizational Behavior? 2 Ch. 2 Responding to Global and Cultural Diversity 42 Ch. 3 Foundations of Individual Behavior 80 Ch. 4 Perception and Individual Decision Making 130 Ch. 5 Values, Attitudes, and Job Satisfaction 172 Ch. 6 Basic Motivation Concepts 210 Ch. 7 Motivation: From Concepts to Applications 250 Ch. 8 Foundations of Group Behavior 292 Ch. 9 Understanding Work Teams 344 Ch. 10 Communication 374 Ch. 11 Leadership 410 Ch. 12 Power and Politics 460 Ch. 13 Conflict, Negotiation, and Intergroup Behavior 502 Ch. 14 Foundations of Organization Structure 548 Ch. 15 Technology, Work Design, and Stress 588 Ch. 16 Human Resource Policies and Practices 634 Ch. 17 Organizational Culture 678 Ch. 18 Organizational Change and Development 714 Appendix A: The Historical Evolution of Organizational Behavior A-1 Appendix B: Research in Organizational Behavior A-16 Appendix C: Scoring Keys for "Learning About Yourself" Exercises A-26 Glossary G-1
650 0 _919887
_aOrganizational behavior
365 _b988.00
_cPhp
942 _2ddc
_cDC
999 _c6571
_d6571